| Tag |
First Indicator |
Second Indicator |
Subfields |
| LEADER |
00000pam a2200000 a 4500 |
| 001 |
in00000083320 |
| 005 |
20151008061227.0 |
| 008 |
810923s1981 ctu 00010 eng |
| 010 |
|
|
|a 81015972
|
| 020 |
|
|
|a 0819550612 :
|c $15.00
|
| 020 |
|
|
|a 0819560707 (pbk.) :
|c $7.95
|
| 035 |
|
|
|a (OCoLC)07836897
|
| 035 |
|
|
|9 AAJ7592AM
|
| 039 |
0 |
|
|a 2
|b 3
|c 3
|d 3
|e 3
|
| 040 |
|
|
|a DLC
|c DLC
|d TXA
|d UtOrBLW
|
| 049 |
|
|
|a TXAM
|c [802228]
|
| 050 |
0 |
0 |
|a PS3554.I32
|b A6 1981
|
| 082 |
0 |
|
|a 811/.54
|2 19
|
| 100 |
1 |
|
|a Dickey, James.
|
| 240 |
1 |
0 |
|a Drowning with others
|
| 245 |
1 |
4 |
|a The early motion /
|c James Dickey.
|
| 250 |
|
|
|a 1st ed.
|
| 264 |
|
1 |
|a Middletown, Conn. :
|b Wesleyan University Press,
|c [1981]
|
| 264 |
|
4 |
|c ©1981
|
| 300 |
|
|
|a ix, 181 pages ;
|c 21 cm.
|
| 336 |
|
|
|a text
|b txt
|2 rdacontent
|
| 337 |
|
|
|a unmediated
|b n
|2 rdamedia
|
| 338 |
|
|
|a volume
|b nc
|2 rdacarrier
|
| 505 |
0 |
|
|a Drowning with others -- Helmets.
|
| 700 |
1 |
2 |
|a Dickey, James.
|t Helmets.
|f 1981.
|
| 740 |
0 |
|
|a Drowning with others.
|
| 740 |
0 |
|
|a Helmets.
|
| 999 |
|
|
|a MARS
|
| 999 |
f |
f |
|s 145387b9-fdfd-385b-82f2-7a5913781e87
|i 22e3bcfc-8324-3743-a49c-d2fe815b8c45
|t 0
|
| 952 |
f |
f |
|p ric
|a Texas A&M University
|b Rellis Campus
|c Joint Library Facility
|d Remote Storage
|t 0
|e PS3554.I32 A6 1981
|h Library of Congress classification
|i unmediated -- volume
|m A14806192129
|
| 998 |
f |
f |
|a PS3554.I32 A6 1981
|t 0
|l Remote Storage
|